00693cam a22002175a 450000500170000000800410001701000140005802000240007202000270009603500130012303700130013604000130014908200110016224500930017326000490026630000390031550400500035452000260040470000220043070000230045220091103014612.0090911s2009 ii ab b 100 0 eng d aENG-95319 a0198064659c1600.00 a9780198064657c1600.00 aEN-78852 bDBAD/PUB aDPLbeng a508.54 aLiving jewels from the Indian jungle /cedited by Ashok S. Kothari and Boman F. Chhapgar aNew Delhi :bOxford University Press,c2009. a 204 p. :c33 cm. (Hb)bCol. photo aIncludes bibliographical references and Index aContributed articles. aKothari, Ashok S. aChhapgar, Boman F.